000 00267nam a22000977a 4500
999 _c511608
_d511608
082 _aB2x54 G151
245 _aQuest for peace and nonvoilence
_bA Journey of 50 years
260 _aNew Delhi
_bGandhi Peace Foundation
300 _a103p.
650 _aNonviolence
_911658